Дело об учреждении пятиклассных уездных училищ в Варшаве, Седлеце, Ломже, в местечке Пинчове и в других населенных пунктах округ...

Доступно только в Электронных читальных залах Найти на картеНа карте
RUSMARC
00004832nmc2a2200000 x 450
0015d377a93-f40a-46e0-bb0e-0914a04a7513
00520170425230250.0
100##$a20141017l18521856k l0rusy0189 ca
1010#$arus
102##$aRU
2001#$aДело об учреждении пятиклассных уездных училищ в Варшаве, Седлеце, Ломже, в местечке Пинчове и в других населенных пунктах округа, об утверждении программ преподавания в пятиклассных уездных училищах, о закрытии Луковского уездного училища Седлецкой губернии, о переводе стипендий Издебского и Шанявского в пятиклассное уездное училище в Седлице
$j26 апреля 1852 г. - 13 декабря 1856 г.
251##$cДело
300##$aДело
300##$aОриг. заголовок дела: Дело об устройстве в Варшавском учебном округе пятиклассных уездных училищ и открытии Луковского уездного училища с переводом стипендиатов по частным записям Шанявского и Издебского в пятиклассное уездное училище в Седлицах. Здесь же и об утверждении программ преподавания в пятиклассных училищах. 26 апреля 1852 г. - 13 декабря 1856 г
801#0$aRU
$bРГИА
$c20141017
$gRCR
801#1$aRU
$bГлавНИВЦ
$c20141017
$2rusmarc
801#2$aRU
$bПБ им. Б.Н. Ельцина
$c20170425
$gRCR
$2rusmarc
850##$aРГИА
852##$aРГИА
$eФедеральное казенное учреждение "Российский государственный исторический архив" (РГИА)
$j373
937##$hРГИА
$d11182411
$aASBIBLIO_SCAN
462#0$10015a39e5d3-dc69-4a86-ab96-9d2e08e41784
$12001
$aДела Департамента народного просвещения по Варшавскому учебному округу
$1251
$cОпись
$1852
$j77
461#0$1001a74412a3-3cc5-4d21-8f0a-dfe2fbd9e72d
$12001
$aДепартамент народного просвещения Министерства народного просвещения (1803-1917)
$1251
$cФонд
$1852
$j733
215##$a253 л.
$d36,5x26 см
371##$aДокумент не является опубликованным и широко распространяемым
105##$ay###
1222#$ad
5171#$aДело об устройстве в Варшавском учебном округе пятиклассных уездных училищ и открытии Луковского уездного училища с переводом стипендиатов по частным записям Шанявского и Издебского в пятиклассное уездное училище в Седлицах. Здесь же и об утверждении программ преподавания в пятиклассных училищах. 26 апреля 1852 г. - 13 декабря 1856 г.
035##$a5d377a93-f40a-46e0-bb0e-0914a04a7513
856##$uhttp://readingroom.main.prlib.ru/item.aspx?id_node=n97644193&mode=full
Формат отображения